000 00470nam a2200169 i 4500
001 51342
003 ES-MaACL
005 20230906162335.0
007 t|
008 030812m19621964sp ||||1| spa d
100 1 _aDagneaux, Jean.
_942430
245 1 0 _aElectrotecnia /
_cpor Jean Dagneaux, Roger A. Lully.
260 _aMadrid :
_bDossat,
_c1962-64.
300 _a2 v. :
_bil. ;
_c25 cm.
700 1 _aLully, Roger A.
_974732
852 _aES-MaACL
_jC-25854-5
_bR.54811
999 _c51342
_d51342